LEADER 01451nam 2200517 450 001 9910817719803321 005 20230808205318.0 010 $a1-119-27492-3 010 $a1-119-27491-5 010 $a1-119-27493-1 035 $a(CKB)4330000000009864 035 $a(MiAaPQ)EBC4537744 035 $a(Au-PeEL)EBL4537744 035 $a(CaPaEBR)ebr11218293 035 $a(CaONFJC)MIL928556 035 $a(OCoLC)951220196 035 $a(EXLCZ)994330000000009864 100 $a20160624h20162016 uy 0 101 0 $aeng 135 $aurcnu|||||||| 181 $2rdacontent 182 $2rdamedia 183 $2rdacarrier 200 10$aChart patterns $eafter the buy /$fThomas Bulkowski 210 1$aHoboken, New Jersey :$cWiley,$d2016. 210 4$d©2016 215 $a1 online resource (555 pages) $cillustrations, graphs 225 1 $aWiley Trading Series 300 $aIncludes index. 311 $a1-119-27490-7 410 0$aWiley trading series. 606 $aStocks$vCharts, diagrams, etc 606 $aCommodity futures$vCharts, diagrams, etc 606 $aInvestment analysis 615 0$aStocks 615 0$aCommodity futures 615 0$aInvestment analysis. 676 $a332.632042 700 $aBulkowski$b Thomas$01647028 801 0$bMiAaPQ 801 1$bMiAaPQ 801 2$bMiAaPQ 906 $aBOOK 912 $a9910817719803321 996 $aChart patterns$93994373 997 $aUNINA LEADER 02077nam0 2200409 i 450 001 UMC0651823 005 20251003044431.0 010 $a8854805084 020 $aIT$b2007-1548 100 $a20090922d2006 ||||0itac50 ba 101 | $aita 102 $ait 181 1$6z01$ai $bxxxe 182 1$6z01$an 200 1 $aRaccolta coordinata dei principi contabili internazionali IAS/IFRS e relative interpretazioni SIC/IFRIC$fGiuseppe Ceriani, Beatrice Frazza 210 $aRoma$cAracne$d2006 215 $a1 v. (paginazione varia)$d29 cm 300 $aIn appendice: Regolamento n. 1606/2002 art. 1 e 25 della Legge 306/2003, D. lgs. 38/2005, provvedimento Banca d'Italia, provvedimento ISVAP, documento di consultazione CONSOB. 606 $aBilanci$xRegolamenti comunitari$2FIR$3CFIC170353$9E 676 $a657$9CONTABILITA$v14 696 $aRegolamenti della Comunità europea$aRegolamenti della CEE$aBilanci d'esercizio$aBilancio$aBilancio consuntivo$aBilanci di esercizio 699 $aRegolamenti comunitari$yRegolamenti della Comunità europea 699 $aRegolamenti comunitari$zRegolamenti della CEE 699 $aBilanci$yBilanci d'esercizio 699 $aBilanci$zBilancio 699 $aBilanci$yBilancio consuntivo 699 $aBilanci$yBilanci di esercizio 700 1$aCeriani$b, Giuseppe$3CFIV041938$4070$0113024 701 1$aFrazza$b, Beatrice$3UMCV299945$4070$0596595 801 3$aIT$bIT-000000$c20090922 850 $aIT-BN0095 901 $bNAP 01$cPOZZO LIB.$nVi sono collocati fondi di economia, periodici di ingegneria e scienze, periodici di economia e statistica e altri fondi comprendenti documenti di economia pervenuti in dono. 912 $aUMC0651823 950 0$aBiblioteca Centralizzata di Ateneo$b1 v.$c1 v.$d 01POZZO LIB.ECON MON 1990$e 0101 0000193245E VMA 1 v. (Precedente collocazione: DASES D 13)$fB $h20090922$i20090922 977 $a 01 996 $aRaccolta coordinata dei principi contabili internazionali IAS$9988956 997 $aUNISANNIO